000 01209cam a2200157 4500500
005 20251214030509.0
041 _afre
042 _adc
100 1 0 _aGourrin-Perrodon, Pauline
_eauthor
245 0 0 _aAssessing the “Vitality” of an Innovative Christian Place: the Case of the Sainte-Julienne de Cornillon Shrine
260 _c2025.
500 _a7
520 _aThe evaluation of ecclesial experiences is a key issue for discerning the fruitfulness of missionary initiatives. This article examines the use of the evaluation tool developed by the Zentrum für angewandte Pastoralforschung (ZAP) at the University of Bochum, applying it to the Sainte-Julienne de Cornillon Sanctuary (Liège). Based on four criteria of ecclesial vitality, the tool offers a rich analysis, addressing aspects such as stakeholder responsibility and contextual adaptation. The study also highlights certain limitations of the tool, opening avenues for a more fruitful dialogue between pastoral evaluation and theological reflection.
786 0 _nLumen Vitae | Volume LXXX | 2 | 2025-06-03 | p. 223-234 | 0024-7324
856 4 1 _uhttps://shs.cairn.info/journal-lumen-vitae-2025-2-page-223?lang=en&redirect-ssocas=7080
999 _c1573892
_d1573892